Statistics for Instruments in Leroy Anderson's "Sleigh Ride"

Click here to take the quiz!

General Stats

  • This quiz has been taken 16 times
  • The average score is 14 of 20

Answer Stats

Woodwinds% Correct
Bass
92%
Clarinet
92%
Flute
92%
Cello
85%
Glockenspiel
85%
Trombone
85%
Trumpet
85%
Viola
85%
Violin
85%
Bassoon
77%
French Horn
77%
Piccolo
77%
Tuba
77%
Alto Saxophone
62%
Oboe
62%
Tenor Saxophone
62%
Xylophone
62%
Sleigh Bells
31%
Whip Crack
31%
Temple Blocks
15%

Score Distribution

Percentile by Number Answered

Percent of People with Each Score

Your Score History

You have not taken this quiz